Zipper e o seu pai (Registo nº 74357)

Detalhes MARC
000 -Etiqueta do registo
campo de controlo de comprimento fixo 00731nam a2200265 4500
001 - Identificador do registo
Campo de controlo 74357
005 - Identificador da versão
Campo de controlo 20260408140835.0
010 ## - ISBN
Número (ISBN) 9789897835544
021 ## - Nº depósito legal
Código do país Portugal
Número 545508/25
100 ## - Dados Gerais de Proc.
Dados gerais de processamento 20250429d2025 m y0pory50030103ba
101 1# - Língua da publicação
Língua do texto, banda sonora, etc. Português
Língua do documento no original Alemão
102 ## - País de Publicação
País de publicação Portugal
105 ## - Dados Codif. Livros
Dados codificados dos livros y z 000ay
106 ## - Atributos Físicos
Dados codificados do material textual r
200 1# - Título
Título próprio Zipper e o seu pai
Primeira menção de responsabilidade Joseph Roth
Outras menções de responsabilidade trad. António Sousa Ribeiro
210 #9 - Publicação, Distribuição
Lugar da edição, distribuição, etc. Lisboa
Nome do editor, distribuidor, etc. Relógio D'Água
Data da publicação, distribuição, etc. 2025
215 ## - Descrição física
Descrição física 125, [2] p.
225 2# - Colecção
Título próprio da colecção Ficções
304 ## - Título e responsabilidade
Texto da nota Tít. orig.: Zipper und sein Vater
675 ## - CDU
Notação 821.112.2(436)-31"19"
Edição BN
Língua da edição Português
700 ## - Responsabilidade principal
Palavra de ordem Roth
Outra parte do nome Joseph
Datas 1894-1939
Koha Internal Code 40159
702 ## - Responsabilidade secundária
Palavra de ordem Ribeiro
Outra parte do nome António Sousa
Datas 1952-
Código de função Tradutor
Koha Internal Code 38870
801 #0 - Fonte de origem
País Portugal
Agência BN
Regras de catalogação RPC
090 ## - Números de controlo do sistema (Koha)
Número biblioitem do Koha (gerado automaticamente) 74357
942 ## - Elementos de entrada adicionados (Koha)
Tipo de item no Koha Monografias
Exemplares
Removido (estado) Perdido (estado) Data de aquisição Origem do registo (biblioteca) (codificado) Código da organização que empresta ou é detentora (biblioteca) Código de barras Local Número de inventário Cota Tipo de circulação (não pode ser emprestado) Preço Tipo de item e material
Disponível Disponível 2025-11-20 Biblioteca Municipal Álvaro de Campos Biblioteca Municipal Álvaro de Campos BMTAV72826 Sala de Adultos 72826 R7 ROT Normal 17.00 Monografias